| 000 | 05006nam a2200433 i 4500 | ||
|---|---|---|---|
| 001 | 624 | ||
| 003 | gtuscu | ||
| 005 | 20250903154436.0 | ||
| 007 | ta | ||
| 008 | 250605b1989 gt ba||| |||| 001 0 spa d | ||
| 040 |
_agtuscu _bspa _cgtuscu _dgtuscu _erda |
||
| 082 | 0 | 4 | _aUSAC 330.122 V434 |
| 100 | 1 |
_aVelásquez Carrera, Eduardo Antonio _d1956- ; _eautor _97 |
|
| 245 | 1 |
_aGuatemala : _bdesarrollo capitalista, crecimiento urbano y urbanización 1940-1984 / _cEduardo Antonio Velásquez Carrera. |
|
| 264 |
_aGuatemala : _bUniversidad de San Carlos de Guatemala, Facultad de Ciencias Económicas, _c1989. |
||
| 300 |
_a344 páginas : _bilustraciones (algunas a color) ; _c21 cm |
||
| 336 |
_2rdacontenido _atexto _btxt |
||
| 337 |
_2rdamedio _asin mediación _bn |
||
| 338 |
_2rdasoporte _avolumen _bnc |
||
| 500 | _aDisertación presentada en el Departamento de Economía de la Facultad de Economía y Administración de la Universidad de Sao Paulo, Brasil, por Eduardo Antonio Velásquez Carrera bajo la dirección de la Profesora Doctora Vera Lucia Fava, para la obtención del título de Maestro en Economía. Sao Paulo 23 de marzo de 1989. | ||
| 504 | _aBibliografía: páginas 285-344. | ||
| 505 | 0 | _gIndice General | |
| 505 | 0 | _gIntroducción. "La dulce tromenta" | |
| 505 | 0 | _gTrabajos específicos realizados sobre el tema | |
| 505 | 0 | _gPreocedimiento metodológico en líneas generales | |
| 505 | 0 |
_gCapítulo I _tOrígen y desarrollo del capitalismo en América Latina: el caso de la República de Guatemala -- |
|
| 505 | 0 |
_gCapítulo II _tLas principales interpretaciones sobre el proceso de urbanización en América Latina -- |
|
| 505 | 0 |
_gCapítulo III _tEl desarrollo de la economía exportadora capitalista (1944-1984) -- |
|
| 505 | 0 |
_gCapítulo IV _tEl crecimiento urbano y el proceso de urbanización en Guatemala 1940-1984 -- |
|
| 505 | 0 |
_gCapítulo V _tInterpretación del desarrollo capitalista y del proceso de urbanización y crecimiento en Guatemala. 1940-1984 -- |
|
| 505 | 0 | _gConclusiones -- | |
| 505 | 0 | _gAnexo -- | |
| 505 | 0 | _gBibliografía. | |
| 520 | _aEl objeto principal de la presente disertación de Maestría ha sido el identificar las principales caracaterísticas del desarrollo capitalista, la expansión urbana y el fenómeno específico de la urbanización en Guatemala, durante el período de 1940-1984. Para el efecto ha sido necesario efectuar una caracterización general de la economía guatemalteca, analizando con especial énfasis sus sectores más dinámicos durante el período en cuestión. Hemos descrito y cuantificado el crecimiento urbano y el proceso de urbanización en tres diferentes niveles: el nacional, el departamental y el municipal (particularmente enfocándose el Area Metropolitana de la Ciudad de Guatemala-AMCG y algunas otras ciudades secundarias). Asímismo, hemos buscado poder medir el incremento poblacional y el flujo migratorio hacia los centros urbanos. Y, adicionalmente a lo anterior, los factores de atracción y expulsión que han provocado los fenómenos identificados. Las fuentes de los datos aquí utilizados provienen de publicaciones de variables macroeconómicas para el período, elaboradas por el Banco de Guatemala, la banca central, los censos demográficos de la Dirección General de Estadística de Guatemal o Instituto Nacional de Estadística (DGEG/INE) de los años de 1950, 1964, 1973 y 1981. También hemos recorrido a los datos del censo agropecuario de 1950, 1964, 1973 y 1981. También hemos recurrido a los datos del censo agropecuario de 1950, 1964, y 1979, de la DGEG/INE, y la información sobre salarios y empleos en el sector productivo del Instituto Guatemalteco de Seguridad Social (IGSS). Como resultado final, podrá apreciarse con claridad y comprenderse la dinámica por la cual durante el período de 1940-1984, se registra un desarrollo capitalista de la economía guatemalteca junto a crecimiento urbano y urbanización propiamente, sin duda importgante. Más aún, entre los años de 1950 y 1980, los perídodos de más alto crecimiento y desarrollo capitalista fueron los comprendidos entre 1965-1970 y entre 1975-1980. Los sectores económicos más dinámicos fueron el SME y el SMIA. Finalmente, que la peor crisis que afectara la economía guatemalteca durante toda su historia contemporánea tuvo lugar entre 1980-1984. El crecimiento urbano estuvo caracterizado por una extremadamente alta concentración y centralización en el AMCG. La notable primacía de lo urbano, en la historia del país, se acentúa durante el período analizado. Esta, que es la región más desarrollada, concentra las principales actividades productivas del SME y del SMIA, junto a tres de las principales ciudades del país. | ||
| 650 | 1 | 4 |
_2LEMB _aCapitalismo _xAspectos sociales _y1940-1984 _zGuatemala |
| 650 | 1 | 4 |
_2LEMB _acrecimiento urbano _y1940-1984 _zGuatemala |
| 650 | 1 | 4 |
_2LEMB _aUrbanismo _y1940-1984 _zGuatemala |
| 942 |
_2ddc _cBK _n0 _hUSAC 330.122 V434 |
||
| 999 |
_c624 _d624 |
||